000 00694nam a2200229Ia 4500
003 GCL
008 140319s9999 xx 000 0 ara d
040 _aGCL /
_cGCL
082 0 4 _a301.42
_bس ا
100 1 _aسامية حسن الساعاتى
245 1 0 _aالاختيار للزواج والتغير الاجتماعى /
_cسامية حسن الساعاتى
300 _a483 ص
490 _a
650 0 4 _aالعادات والتقاليد
650 0 4 _aالزواج
650 0 4 _aالاسرة فى الاسلام
650 0 4 _aالتغير الاجتماعى
650 0 4 _aالحب
650 0 4 _aتعدد الزوجات
650 0 4 _aالاحصائيات
942 _2ddc
_cBK
999 _c37647
_d37647